Escuela de ingenieros de industrias textiles = Escola d'enginyers d'indústries tèxtils / Escola Industrial de Terrassa
Descripción Física:
[28] p., [1] full pleg. : il. b/n ; 14 x 22 cm
MARC
| LEADER | 00000nam a2200000Ia 4500 | ||
|---|---|---|---|
| 001 | 16183 | ||
| 003 | BGR | ||
| 005 | 20260324180552.0 | ||
| 008 | 160829s1933 xx 000 0 cat d | ||
| 080 | |a 4231, exp. 82 | ||
| 110 | 1 | |a Escola Industrial de Terrassa |9 70801 | |
| 245 | |a Escuela de ingenieros de industrias textiles = Escola d'enginyers d'indústries tèxtils / Escola Industrial de Terrassa | ||
| 260 | |a Terrassa : |b (M. Figueras Singla), |c 1933 | ||
| 300 | |a [28] p., [1] full pleg. : |b il. b/n ; |c 14 x 22 cm | ||
| 590 | |a Conté un plànol general de l'Escola. | ||
| 590 | |a Hi ha un duplicat a: DUP-73-48. | ||
| 610 | 1 | 0 | |a Escola Industrial de Terrassa |9 70801 |x Llibres de llàmines |
| 901 | |a Arxiu | ||
| 942 | |n 1 |2 udc |c MON | ||
| 952 | |0 0 |1 0 |4 0 |6 4231_EXP_82 |7 1 |9 54951 |a Arxiu |b Arxiu |d 2016-12-01 |l 0 |o 4231, exp. 82 |p 16183 |r 2016-12-01 00:00:00 |w 2016-12-01 |y ARXIU | ||
| 999 | |c 58821 |d 58821 | ||